| 000 | 00954cam a2200289 a 4500 | ||
|---|---|---|---|
| 001 | 15604533 | ||
| 003 | OSt | ||
| 005 | 20230902115621.0 | ||
| 008 | 090129s2010 maua b 001 0 eng | ||
| 010 | _a 2009003187 | ||
| 020 | _a9789354601187 | ||
| 020 | _a9780073344232 (pbk. : acidfree paper) | ||
| 020 | _a0073344230 (pbk. : acidfree paper) | ||
| 040 |
_aDLC _cDLC _dDLC |
||
| 050 | 0 | 0 |
_aHB172 _b.S155 2010 |
| 082 | 0 | 0 |
_a338.5 _bSAM/M |
| 100 |
_aSamuelson, Paul A _q(Paul Anthony), _d1915-2009. _9709 |
||
| 245 | 1 | 0 |
_aMicroeconomics / _cPaul A. Samuelson, William D. Nordhaus. |
| 250 | _a20th ed. | ||
| 260 |
_aBoston : _bMcGraw-Hill Irwin, _cc2022. |
||
| 300 |
_a487 p. : _bill. ; _c26 cm. |
||
| 490 | 0 | _aThe McGraw-Hill series economics | |
| 504 | _aIncludes bibliographical references and index. | ||
| 650 | 0 | _aMicroeconomics. | |
| 700 | 1 | _aNordhaus, William D. | |
| 942 |
_2ddc _cBK _h338.5 _iSAM/M _k338.5 _mSAM/M |
||
| 999 |
_c42047 _d42047 |
||